<?xml version="1.0" encoding="UTF-8"?><?xml-stylesheet type="text/xsl" href="static/style.xsl"?><OAI-PMH xmlns="http://www.openarchives.org/OAI/2.0/" xmlns:xsi="http://www.w3.org/2001/XMLSchema-instance" xsi:schemaLocation="http://www.openarchives.org/OAI/2.0/ http://www.openarchives.org/OAI/2.0/OAI-PMH.xsd"><responseDate>2026-04-27T22:02:27Z</responseDate><request verb="GetRecord" identifier="oai:uvadoc.uva.es:10324/7615" metadataPrefix="marc">https://uvadoc.uva.es/oai/request</request><GetRecord><record><header><identifier>oai:uvadoc.uva.es:10324/7615</identifier><datestamp>2021-06-29T10:16:53Z</datestamp><setSpec>com_10324_38</setSpec><setSpec>col_10324_852</setSpec></header><metadata><record xmlns="http://www.loc.gov/MARC21/slim" xmlns:doc="http://www.lyncode.com/xoai" xmlns:xsi="http://www.w3.org/2001/XMLSchema-instance" xmlns:dcterms="http://purl.org/dc/terms/" xsi:schemaLocation="http://www.loc.gov/MARC21/slim http://www.loc.gov/standards/marcxml/schema/MARC21slim.xsd">
<leader>00925njm 22002777a 4500</leader>
<datafield tag="042" ind1=" " ind2=" ">
<subfield code="a">dc</subfield>
</datafield>
<datafield tag="720" ind1=" " ind2=" ">
<subfield code="a">Fernández de Sanmamed Roig, Javier</subfield>
<subfield code="e">author</subfield>
</datafield>
<datafield tag="260" ind1=" " ind2=" ">
<subfield code="c">2014</subfield>
</datafield>
<datafield tag="520" ind1=" " ind2=" ">
<subfield code="a">El uso de herramientas y aplicaciones virtuales para los procesos educativos está adquiriendo un papel importante en la sociedad actual, principalmente en los modelos educativos basados en la educación a distancia. El gran abanico de oportunidades que ofrece la utilización de Internet en el aula da lugar a muchas plataformas concretas que tratan de acercar a maestro y alumno cuando estos no están dentro del aula ordinaria y uno de ellos es el “Programa de Apoyo a las Prácticas Docentes” de la Universidad de Valladolid.&#xd;
En este trabajo proponemos una forma de trabajo mediante esta plataforma enfocada a la enseñanza del área de matemáticas con alumnos de entre 11 y 12 años de varios centros de la provincia a fin de ofertar un apoyo o refuerzo a aquellos alumnos que lo soliciten.</subfield>
</datafield>
<datafield tag="024" ind2=" " ind1="8">
<subfield code="a">http://uvadoc.uva.es/handle/10324/7615</subfield>
</datafield>
<datafield ind1=" " ind2=" " tag="653">
<subfield code="a">Matemáticas - Estudio y enseñanza</subfield>
</datafield>
<datafield ind1=" " ind2=" " tag="653">
<subfield code="a">Enseñanza asistida por ordenador</subfield>
</datafield>
<datafield ind1=" " ind2=" " tag="653">
<subfield code="a">Internet en educación</subfield>
</datafield>
<datafield ind1=" " ind2=" " tag="653">
<subfield code="a">Enseñanza universitaria - Metodología</subfield>
</datafield>
<datafield tag="245" ind1="0" ind2="0">
<subfield code="a">Del aula tradicional al aula virtual: una experiencia de enseñanza post-aula a través del Proyecto PAPII</subfield>
</datafield>
</record></metadata></record></GetRecord></OAI-PMH>